000 00580nam a2200241Ia 4500
003 0100
008 130303s9999 xx 000 0 und d
020 _a0135396026
040 _cARRUPELIB
050 _aBC108.G35 1989
100 _aCooper, Keith
245 _aLogic
245 _banalyzing and appraising arguments
260 _aNew Jersey
260 _bPrentice-Hall
260 _C1989
300 _aviii
300 _b 420p. 24cm.
650 _aLOGIC
650 _bEast and West Missions-Controversial Literature
700 _aGensler, Harry J
942 0 0 _07
999 _c21286
_d21286